000 01391pam a2200361 a 4500
001 1088939
005 20260119154535.0
008 921006s1993 nyua b 001 0 eng
010 _a 92034615
020 _a0471517968
_qalk. paper
020 _a9780471517962
_q(alk. paper)
035 _a1088939
040 _aDLC
_cDLC
_dDLC
050 0 0 _aTA174
_b.E78 1993
082 0 0 _a620.0042 ERT'E
_220
100 1 _aErtas, Atila,
_d1944-
_9132826
110 _a Jesse C. Jones.
_9132827
245 1 4 _aThe engineering design process /
_cAtila Ertas, Jesse C. Jones.
260 _aNew York :
_bWiley,
_cc1993.
300 _axiv, 525 p. :
_bill. ;
_c26 cm.
336 _atext
_btxt
_2rdacontent
337 _aunmediated
_bn
_2rdamedia
338 _avolume
_bnc
_2rdacarrier
504 _aIncludes bibliographical references and index.
650 0 _aEngineering design.
700 1 _aJones, Jesse C.
_9132828
856 4 2 _3Publisher description
_uhttp://www.loc.gov/catdir/enhancements/fy0607/92034615-d.html
856 4 1 _3Table of contents only
_uhttp://www.loc.gov/catdir/enhancements/fy0607/92034615-t.html
906 _a7
_bcbc
_corignew
_d1
_eocip
_f19
_gy-gencatlg
942 _2ddc
_cBK
999 _c615859
_d615859